[Event "IRL-ch"]
[Site "Dublin"]
[Date "2019.08.08"]
[Round "6"]
[White "Brady, Stephen"]
[Black "Baburin, Alexander"]
[Result "1/2-1/2"]
[WhiteElo "2282"]
[BlackElo "2432"]
[PlyCount "76"]
[EventDate "2019.08.03"]
[EventType "swiss"]
[EventRounds "9"]
[EventCountry "IRL"]
[SourceTitle "CBM 191 Extra"]
[Source "ChessBase"]
[SourceDate "2019.09.30"]
[SourceVersion "1"]
[SourceVersionDate "2019.09.30"]
[SourceQuality "1"]

1. e4 Nf6 2. e5 Nd5 3. d4 d6 4. Nf3 dxe5 5. Nxe5 c6 6. c4 Nb4 7. Be3 Bf5 8. Na3 Nd7 9. g4 Be6 10. Nd3 Nxd3+ 11. Bxd3 h5 12. g5 g6 13. Qc2 Bf5 14. Bxf5 Qa5+ 15. Bd2 Qxf5 16. Qxf5 gxf5 17. 0-0-0 Bg7 18. Rhe1 Bxd4 19. Bb4 Bc5 20. Bxc5 Nxc5 21. Re5 Nd7 22. Rxf5 e6 23. Rf4 Ke7 24. Rfd4 Rad8 25. f4 Nc5 26. Nc2 a5 27. Ne3 Rxd4 28. Rxd4 f6 29. Kd1 fxg5 30. fxg5 Rg8 31. h4 Rf8 32. Ke2 e5 33. Rd1 Ne4 34. Rg1 Rf2+ 35. Kd3 Nc5+ 36. Kc3 Ne4+ 37. Kd3 Nc5+ 38. Kc3 Ne4+ 1/2-1/2

[Event "IRL-ch"]
[Site "Dublin"]
[Date "2019.08.06"]
[Round "4"]
[White "Ryan, Joseph"]
[Black "Baburin, Alexander"]
[Result "1/2-1/2"]
[WhiteElo "2268"]
[BlackElo "2432"]
[PlyCount "51"]
[EventDate "2019.08.03"]
[EventType "swiss"]
[EventRounds "9"]
[EventCountry "IRL"]
[SourceTitle "CBM 191 Extra"]
[Source "ChessBase"]
[SourceDate "2019.09.30"]
[SourceVersion "1"]
[SourceVersionDate "2019.09.30"]
[SourceQuality "1"]

1. e4 Nf6 2. Nc3 d5 3. exd5 Nxd5 4. Bc4 Nxc3 5. Qf3 e6 6. Qxc3 Nc6 7. Nf3 Qf6 8. Qxf6 gxf6 9. d4 Bd7 10. Be3 0-0-0 11. 0-0-0 Ne7 12. Be2 Nf5 13. Bf4 Bc6 14. c3 h5 15. h4 Bh6 16. Bxh6 Nxh6 17. Rhf1 Ng4 18. Ne1 e5 19. dxe5 Rxd1+ 20. Bxd1 fxe5 21. Be2 f5 22. f4 Ne3 23. Rf2 e4 24. Kd2 Nd5 25. Nc2 Nf6 26. Ne3 1/2-1/2